Centrálne bankovníctvo a postavenie bankového dohľadu v ňom dizertačná práca

Enregistré dans:
Détails bibliographiques
Auteur principal: Šaradínová, Martina
Collectivité auteur: Národohospodárska fakulta EU. Katedra bankovníctva a medzinárodných financií
Autres auteurs: Sobek, Otto
Format: Livre
Langue:slovaque
Publié: Bratislava 2002
Sujets:
Tags: Ajouter un tag
Pas de tags, Soyez le premier à ajouter un tag!

MARC

LEADER 00000nam a2200000 4500
001 c142939
005 20240104092345.5
041 0 |a slo 
044 |a SK 
245 1 0 |a Centrálne bankovníctvo a postavenie bankového dohľadu v ňom  |b dizertačná práca  |c Martina Šaradínová ; školiteľ: Vladimír Gonda 
264 1 |a Bratislava  |c 2002 
300 |a 128 s. 
610 2 0 |a bankovníctvo 
610 2 0 |a banky centrálne 
610 2 0 |a dohľad bankový 
100 1 |a Šaradínová, Martina 
700 1 |a Sobek, Otto 
710 2 |a Národohospodárska fakulta EU. Katedra bankovníctva a medzinárodných financií